书目信息 |
| 题名: |
跳离题海
|
|
| 作者: | 何兴楚 编著 | |
| 分册: | ||
| 出版信息: | 武汉 武汉大学出版社 2019.4 |
|
| 页数: | 225页 | |
| 开本: | 24cm | |
| 丛书名: | ||
| 单 册: | ||
| 中图分类: | G624.503 , G634.603 | |
| 科图分类: | ||
| 主题词: | 小学数学课--教学参考资料 , 中学数学课--教学参考资料 | |
| 电子资源: | ||
| ISBN: | 978-7-307-12143-0 | |
| 000 | 01164nam0 2200277 45 | |
| 001 | 012001003221 | |
| 005 | 20140909082753.0 | |
| 010 | @a978-7-307-12143-0@dCNY36.00 | |
| 100 | @a20190731d2019 em y0chiy0110 ea | |
| 101 | 0 | @achi |
| 102 | @aCN@b420000 | |
| 105 | @aa z 000yy | |
| 106 | @ar | |
| 200 | 1 | @a跳离题海@Atiao li ti hai@e少儿数学思维系统培养宝典@f何兴楚编著 |
| 210 | @a武汉@c武汉大学出版社@d2019.4 | |
| 215 | @a225页@c图,彩照@d24cm | |
| 300 | @a其他题名:少儿数学思维系统培养宝典 | |
| 330 | @a本书对小学数学内容进行了一定的梳理和提高,对中学数学的内容和方法进行了衔接和引导,以数学思想、数学方法的系统启蒙为主线,串起二十六个小篇目。每篇中,或说一则趣事,或讲一段小史,随后提出几个典型问题,侧重引导思考,及时巩固认知。本书既不同于数学故事书,也不同于解题题库,而是同时照顾到“可读”和“可练”两个方面。比较适合小学高年级的孩子以及辅导他们的家长、老师阅读。 | |
| 517 | 1 | @a少儿数学思维系统培养宝典 |
| 606 | 0 | @a小学数学课@j教学参考资料 |
| 606 | 0 | @a中学数学课@j教学参考资料 |
| 690 | @aG624.503@v5 | |
| 690 | @aG634.603@v5 | |
| 701 | 0 | @a何兴楚@Ahe xing chu@f(1946-)@4编著 |
| 801 | @aCN@bAHXH@c20210922 | |
| 905 | @b1325065-9@dG624.503@e2128@f5 | |
| 跳离题海:少儿数学思维系统培养宝典/何兴楚编著.-武汉:武汉大学出版社,2019.4 |
| 225页:图,彩照;24cm |
| 其他题名:少儿数学思维系统培养宝典 |
| ISBN 978-7-307-12143-0:CNY36.00 |
| 本书对小学数学内容进行了一定的梳理和提高,对中学数学的内容和方法进行了衔接和引导,以数学思想、数学方法的系统启蒙为主线,串起二十六个小篇目。每篇中,或说一则趣事,或讲一段小史,随后提出几个典型问题,侧重引导思考,及时巩固认知。本书既不同于数学故事书,也不同于解题题库,而是同时照顾到“可读”和“可练”两个方面。比较适合小学高年级的孩子以及辅导他们的家长、老师阅读。 |
| ● |
| 相关链接 |
|
|
|
|
正题名:跳离题海
索取号:G624.503/2128
 
预约/预借
| 序号 | 登录号 | 条形码 | 馆藏地/架位号 | 状态 | 备注 |
| 1 | 1325065 | 213250658 | 第一样本阅览室/ [索取号:G624.503/2128] | 在馆 | |
| 2 | 1325066 | 213250667 | 教育系资料室/ [索取号:G624.503/2128] | 在馆 | |
| 3 | 1325067 | 213250676 | 教育系资料室/ [索取号:G624.503/2128] | 在馆 | |
| 4 | 1325068 | 213250685 | 第四借阅区/ [索取号:G624.503/2128] | 在馆 | |
| 5 | 1325069 | 213250694 | 第四借阅区/ [索取号:G624.503/2128] | 在馆 |